000 00300nam a2200133Ia 4500
008 231129s1970||||xx |||||||||||||| ||spa||
040 _bspa
082 _a523.1 P585u
100 _aPiccard Augusto
245 0 _aEn el umbral del cosmos
260 _c1970
264 _aJuventud
942 _2ddc
_cBKS
999 _c12879
_d12879